00699nam a22001937a 450000500170000001000150001702000110003203500140004303700130005708200160007010000310008624500940011726000320021127000530024330000200029694200300031699900190034695201400036520240124113119.0 aENG-138003 c750.00 aEN-121535 bDBAD/PUB a305.4209541 aBRAHMA, BHANUPRABHA961227 aWoman of North East IndiabIssues and challengescBhanuprabha Brahma and Tejaswita Duarah aAssambEBH Publishersc2021 a136, M.L. Nehru Road, PanbazarbGuwahatie781001 a127Pc24cm(pbk) 2ddccENh305.4209541mWOM c198213d198213 001040708NFICaZLSbZLSd2023-09-15eDBAD/PUBg750.00l0o305.4209541 WOMpEN-121535r2023-09-15 00:00:00t1v750.00w2023-09-15yEN